| 000 | 00853nam a2200265 i 4500 | ||
|---|---|---|---|
| 003 | DO-SdBNP | ||
| 005 | 20230918144410.0 | ||
| 007 | ta | ||
| 008 | 110413s2022 dr a 000 j spa d | ||
| 020 | _a9781732214446 | ||
| 040 |
_aDO-SdBNP _bspa _cBNPHU _erda |
||
| 082 |
_bB737 _222 |
||
| 100 |
_aBorrás, Yolanda _976359 |
||
| 245 | 1 | 0 |
_aPimpón / _cYolanda Borrás ; ilustraciones David Hicock |
| 264 | 1 |
_aAtlanta, Georgia, Estados Unidos : _bImbilingual, _c2022. |
|
| 300 |
_a[32] páginas _c28 cm. _bIlustraciones |
||
| 336 |
_2rdacontent _atexto _btxt |
||
| 337 |
_2rdamedia _asin mediación _bn |
||
| 338 |
_2rdacarrier _avolumen _bnc |
||
| 500 | _aIncluye datos biográficos de la autora en la ultima pagina. | ||
| 590 | _aInventariado, 2023/ YL | ||
| 700 | 1 | 2 |
_aHicock, David _eilustraciones _984161 |
| 910 | _aYLockward | ||
| 942 |
_2ddc _cLF2 |
||
| 999 |
_c54807 _d54807 |
||